Productos químicos orgánicos industriales

Zapisane w:
Opis bibliograficzny
Główni autorzy: Wittcoff, Harold A (Autor), Reuben, Bryan G (Autor)
Format: Książka
Język:hiszpański
Wydane: Ciudad de México Limusa 2004
Hasła przedmiotowe:
Etykiety: Dodaj etykietę
Nie ma etykietki, Dołącz pierwszą etykiete!

MARC

LEADER 00000nam a2200000 a 4500
001 UCG4226
003 CL-VaPUC
008 101021e20040000MX |||||||||||||||||spa|d
020 |a 9681820479 
082 0 4 |a 661.820  |b WIT  |2 21 
100 0 |a Wittcoff, Harold A  |e author  |9 553571 
700 0 |a Reuben, Bryan G  |e author  |9 553572 
245 1 0 |a Productos químicos orgánicos industriales 
300 |a v 
942 |c BK 
945 |d 20101021 00:00:00  |a mfarfan 
260 |a Ciudad de México  |b Limusa  |c 2004 
500 |a v.2: Tecnología, formulaciones y usos 
650 0 |a Química orgánica   |9 259426 
650 0 |a Productos químicos  |9 326289 
583 |a last modification  |c 20101021 00:00:00  |k Rodrigo Vera 
999 |c 343060  |d 343058 
952 |0 0  |1 0  |4 0  |6 661_820000000000000_WIT_2004  |7 0  |8 A  |9 439991  |a BIBMEC  |b BIBMEC  |d 2019-11-22  |h v.2  |i 4727347  |o 661.820 WIT 2004  |p 4727347  |r 2024-01-19  |w 2019-11-22  |y BK  |k MEC